Tlačivo daňového priznania subjektov verejnej správy a územnej samosprávy za rok 2024
Tlačivo daňového priznania je jednotné pre všetky právnické osoby v Slovenskej republike. Cieľom príspevku je na príklade obce s hlavnou a podnikateľskou činnosťou vypracovať daňové priznanie k dani z príjmov. Ostatné subjekty, ako sú vyššie územné celky, rozpočtové a príspevkové organizácie, môžu p...
Salvato in:
| Autore principale: | |
|---|---|
| Natura: | Capitolo di libro |
| Lingua: | slovacco |
| Soggetti: | |
| Tags: |
Nessun Tag, puoi essere il primo ad aggiungerne!!
|
MARC
| LEADER | 00000naa a2200000 4500 | ||
|---|---|---|---|
| 001 | 0308132 | ||
| 005 | 20250414103631.5 | ||
| 041 | 0 | |a slo | |
| 044 | |a SK | ||
| 245 | 1 | 0 | |a Tlačivo daňového priznania subjektov verejnej správy a územnej samosprávy za rok 2024 |c Mária Brániková |
| 520 | |a Tlačivo daňového priznania je jednotné pre všetky právnické osoby v Slovenskej republike. Cieľom príspevku je na príklade obce s hlavnou a podnikateľskou činnosťou vypracovať daňové priznanie k dani z príjmov. Ostatné subjekty, ako sú vyššie územné celky, rozpočtové a príspevkové organizácie, môžu postupovať obdobne. | ||
| 610 | 2 | 0 | |a obce |
| 610 | 2 | 0 | |a daňovníci |
| 610 | 2 | 0 | |a dane |
| 610 | 2 | 0 | |a priznania daňové |
| 610 | 2 | 0 | |a osoby právnické |
| 610 | 2 | 0 | |a tlačivá |
| 610 | 2 | 0 | |a účtovníctvo |
| 100 | 1 | |a Brániková, Mária | |